| 000 | 00625nam a2200217Ia 4500 | ||
|---|---|---|---|
| 003 | IN-BaIIA | ||
| 008 | 211028s9999 xx 000 0 eng d | ||
| 020 | _a0-395-71069-3 | ||
| 040 | _cIIA Library | ||
| 080 |
_a59 _bJOH |
||
| 245 | 0 |
_aInformation please Almanac - Atlas and yearbook,1995. _cedited by O. Johnson |
|
| 260 |
_aNew York _bHoughton Mifflin _c1995 |
||
| 300 | _a1024p | ||
| 650 | _aAlmanacs | ||
| 650 | _aAtlas | ||
| 650 | _aUnited States | ||
| 650 |
_aUS Information _920192 |
||
| 650 |
_aYearbook _93818 |
||
| 700 |
_aJohnson, O., ed. _920193 |
||
| 942 | _cBK | ||
| 999 |
_c11678 _d11678 |
||